000 01068nam a2200253 a 4500
001 BRCA_8719
005 20190320210359.0
008 130217s1771----sp-#######---#000-0#spa-#
041 _aspa
044 _asp
084 _aBE60
_b.A53 1771
100 1 _aAndrés, Antonio
_921716
245 1 0 _aQuaresma
_cdel P Fr. Antonio Andres, lector de sagrada theologia, escritor publico de su orden, regente de estudios, calificador del Santo Oficio y custodio actual de su provincia de descalzos.
260 _aValencia
_bPor Benito Monfort
_c1771
300 _a328 p. (t.2)
_c20.5 x 15 cm
500 _aEn portada: Quien lo dedica a Christo Crucificado
500 _aEstado físico: presenta encuadernación en pergamino con lomo desprendido y cintas rotas
505 0 _aContenido: Al fin del tercer tomo hay una aplicación de los sermones de la Quaresma à las Dominicas de entre año
650 1 4 _aSermones
_yObras anteriores a 1800
_921369
650 1 4 _aSermones de cuaresma
_921531
700 1 _aMonfort, Benito
_eImpresor
_921717
902 _aCFM
942 _2lcc
_cB
999 _c8371
_d8371